01311nam a2200325 a 4500003000900000005001700009008004100026040001300067245004700080250001200127260005200139300001900191490001400210500007200224500006500296500006900361500026600430650002300696650003900719651001400758653002200772653002300794653002300817700002300840700002400863700002300887700002100910700002900931700002500960AR-BaBNM20251128205110.0082120s2002 ||||||||||||||000 | spa|| cAR-BaBNM00aEl sistema educativo como ámbito laboral a1ª ed. aBuenos AiresbUniversidad de Buenos Airesc1995 a168 p.btablas 0aCEA - CBC aCEA: Centro de Estudios Avanzados de la Universidad de Buenos Aires aC.B.C.: CICLO BASICO COMUN DE LA UNIVERSIDAD DE BUENOS AIRES aPAITE: PROGRAMA DEL AREA DE INVESTIGACION SOBRE TRABAJO Y EMPLEO aLas ponencias reunidas en este libro son las presentaciones realizadas durante el Seminario-Taller "El sistema educativo como ámbito laboral", organizado por el Programa del Area de Investigación sobre Trabajo y Empleo, los días 6 y 7 de junio de 1994 en  4aEDUCACION Y EMPLEO 4aCONDICIONES DE TRABAJO DEL DOCENTE 4aArgentina aSISTEMA EDUCATIVO aEDUCACION SUPERIOR aEDUCACION PRIMARIA1 aFrigerio, Graciela1 aKornblit, Ana Lía1 aLlomovatte, Silvia1 aMendizabal, Nora1 aMignone, Emilio Fermín1 aNeffa, Julio César